Countries That Contain S - Statistics

General Stats
  • This quiz has been taken 251 times
    228 since last reset
  • The average score is 60 of 69
Answer Stats
Answer % Correct
South Korea
98%
Australia
97%
Austria
96%
South Africa
96%
Spain
96%
Sweden
96%
United States of America
96%
Slovakia
95%
Sudan
95%
Afghanistan
94%
South Sudan
94%
Slovenia
93%
Switzerland
93%
Pakistan
92%
Bahamas
91%
Barbados
91%
Swaziland
91%
Saint Lucia
90%
Saudi Arabia
90%
Somalia
90%
Syria
90%
United Arab Emirates
90%
Honduras
89%
Russia
89%
Saint Kitts and Nevis
89%
San Marino
89%
Senegal
89%
Estonia
88%
Kazakhstan
88%
Saint Vincent and the Grenadines
88%
Samoa
88%
Serbia
88%
Singapore
88%
Solomon Islands
88%
Sri Lanka
88%
Suriname
88%
Belarus
87%
Malaysia
87%
Laos
86%
Marshall Islands
86%
Seychelles
86%
Tajikistan
86%
Uzbekistan
86%
Indonesia
85%
Israel
85%
Turkmenistan
85%
Bangladesh
84%
Botswana
84%
Costa Rica
84%
Kyrgyzstan
83%
Netherlands
82%
Bosnia and Herzegovina
81%
Lesotho
81%
Madagascar
81%
Sierra Leone
81%
Maldives
80%
Sao Tome and Principe
80%
Kosovo
79%
Philippines
79%
El Salvador
78%
Mauritius
78%
Liechtenstein
76%
Tunisia
76%
Federated States of Micronesia
74%
Guinea-Bissau
74%
Comoros
73%
Timor Leste
73%
Burkina Faso
72%
Cyprus
72%
No matching quizzes found
Score Distribution
Percent of People with Each Score
Percentile by Number Answered
Your Score History
You have not taken this quiz since the last reset